000 00423nam a2200157Ia 4500
008 240729s9999 xx 000 0 und d
022 _a2663-5151
245 0 _aMongolian Geoscientist
260 _aMongolia
260 _bMongolian University of Science and Technology
650 _a Geology
650 _aScience
856 _uhttps://doaj.org/toc/199079651fd24755ab058c6afe06d663
942 _2ddc
942 _cDOAJEJ
999 _c69341
_d69341
945 _a1
_bMadushi Gamage
_c1
_dMadushi Gamage